000 00431nam a2200181Ia 4500
008 230524s9999 xx 000 0 und d
020 _a9788126541287
082 _bFOX
100 _aFox
_942197
245 0 _aIntroduction to Fulid Mechanics
250 _a8
260 _aNew Delhi
_bWiley India
_c2014
300 _a865p;
500 _aQuantity Number: 1
650 _aMechanics
700 _aMcDonald
_942198
942 _cBK
999 _c56548
_d56548